[Event "IV Festival Internacional DUCHAMP in RI"]
[Site "Hotel South American, Copacab"]
[Date "2022.12.12"]
[Round "7.36"]
[White "Chaves, Jorge Antonio Torre"]
[Black "Hirano, Enzo Erich Kreutz"]
[Result "1/2-1/2"]
[WhiteElo "1855"]
[BlackElo "1691"]
[PlyCount "71"]
[EventDate "2022.12.07"]

1. b3 e5 2. Bb2 Nc6 3. c4 Nf6 4. e3 d5 5. d3 Bd6 6. Be2 O-O 7. h4 d4 8. e4 Bb4+
9. Kf1 Ne7 10. a3 Bd6 11. g4 Ng6 12. Nh3 c5 13. h5 Nf4 14. Nxf4 exf4 15. Nd2
Nd7 16. f3 h6 17. Qe1 Be7 18. Qf2 Bg5 19. b4 b6 20. Bd1 Ne5 21. Be2 Qc7 22. Nb3
Rd8 23. Rd1 Bd7 24. Rd2 Be6 25. Nc1 Rd6 26. Rd1 Rad8 27. Kg2 a5 28. b5 Bc8 29.
Nb3 Qd7 30. Nd2 Rf6 31. Rh3 Qd6 32. Rdh1 Be6 33. Rc1 Qd7 34. Rch1 Qd6 35. Bc1
Bc8 36. Kf1 1/2-1/2

[Event "IV Festival Internacional DUCHAMP in RI"]
[Site "Hotel South American, Copacab"]
[Date "2022.12.12"]
[Round "7.37"]
[White "Bashtavenko, Aleksey"]
[Black "Ribeiro, Regina"]
[Result "0-1"]
[WhiteElo "1565"]
[BlackElo "1852"]
[PlyCount "63"]
[EventDate "2022.12.07"]

1. d4 Nf6 2. c4 d6 3. Nf3 g6 4. Nc3 Bg7 5. e4 O-O 6. Be2 c6 7. O-O e5 8. d5
cxd5 9. cxd5 a6 10. a4 Nh5 11. g3 Bg4 12. Ne1 Bxe2 13. Qxe2 Nd7 14. Nd3 Rc8 15.
a5 Qe8 16. Be3 f5 17. f3 f4 18. Bf2 fxg3 19. hxg3 g5 20. g4 Nf4 21. Qd2 h5 22.
Ne2 hxg4 23. Nexf4 exf4 24. fxg4 Nf6 25. Rae1 Nxg4 26. Bb6 Qh5 27. e5 Bxe5 28.
Nxe5 Nxe5 29. Rxe5 dxe5 30. d6 Qg4+ 31. Kh1 Rf7 32. Qd3 0-1

[Event "IV Festival Internacional DUCHAMP in RI"]
[Site "Hotel South American, Copacab"]
[Date "2022.12.12"]
[Round "7.38"]
[White "Pessoa, Vitor Henrique Leop"]
[Black "De Souza, Vinicius Alcantara "]
[Result "0-1"]
[WhiteElo "1358"]
[BlackElo "1852"]
[PlyCount "40"]
[EventDate "2022.12.07"]

1. e4 c5 2. Nf3 e6 3. d3 Nc6 4. g3 d5 5. Qe2 dxe4 6. dxe4 Nf6 7. Bg2 Be7 8. O-O
O-O 9. e5 Nd5 10. Rd1 Qb6 11. c4 Nc7 12. h4 Rd8 13. Rxd8+ Bxd8 14. Nc3 Ne8 15.
Ng5 h6 16. Nh3 Nd4 17. Qg4 Kh8 18. Qh5 Qc7 19. Ng5 Kg8 20. Nge4 Be7 0-1

[Event "IV Festival Internacional DUCHAMP in RI"]
[Site "Hotel South American, Copacab"]
[Date "2022.12.12"]
[Round "7.39"]
[White "Santos Filho, Tadeu Sousa"]
[Black "Araujo, Barbara Ribeiro"]
[Result "1-0"]
[WhiteElo "2018"]
[BlackElo "1533"]
[PlyCount "47"]
[EventDate "2022.12.07"]

1. e4 c5 2. Nf3 g6 3. Bc4 Nc6 4. O-O Bg7 5. c3 e6 6. Re1 Nge7 7. Bb5 O-O 8. d4
cxd4 9. cxd4 d5 10. e5 Nf5 11. Bxc6 bxc6 12. b3 Qb6 13. Nc3 f6 14. Ba3 Re8 15.
Na4 Qa6 16. Rc1 Rb8 17. exf6 Bxf6 18. Ne5 Bxe5 19. Rxe5 Bb7 20. Qd2 Bc8 21. h4
Nxh4 22. Qf4 Nf5 23. Rxf5 Rb7 24. Rf8+ 1-0

[Event "IV Festival Internacional DUCHAMP in RI"]
[Site "Hotel South American, Copacab"]
[Date "2022.12.12"]
[Round "7.40"]
[White "Arruda Filho, Ivo Pereira De"]
[Black "De Resende, Kalyndi Carvalho"]
[Result "1-0"]
[WhiteElo "1679"]
[BlackElo "1926"]
[PlyCount "71"]
[EventDate "2022.12.07"]

1. Nf3 Nf6 2. d4 e6 3. c4 d5 4. Nc3 Nbd7 5. b3 Bb4 6. Bd2 dxc4 7. bxc4 c6 8. e3
O-O 9. Be2 Re8 10. O-O e5 11. dxe5 Nxe5 12. Nxe5 Rxe5 13. Qc1 Bf5 14. Rd1 Qe7
15. Be1 Bg4 16. Bxg4 Nxg4 17. h3 Nh6 18. a3 Ba5 19. Nd5 cxd5 20. Bxa5 dxc4 21.
Bb4 Qe6 22. Rd4 Rc8 23. Qd2 Nf5 24. Rd8+ Rxd8 25. Qxd8+ Qe8 26. Qc7 b5 27. Rd1
Qa8 28. Rd8+ Re8 29. Rxa8 Rxa8 30. Qc5 g6 31. Qxb5 Rc8 32. Bc3 h5 33. Qe5 Kh7
34. g4 hxg4 35. hxg4 Rg8 36. Qh2+ 1-0

[Event "IV Festival Internacional DUCHAMP in RI"]
[Site "Hotel South American, Copacab"]
[Date "2022.12.12"]
[Round "7.42"]
[White "Rodrigues, Julliano De Araujo"]
[Black "Rogozinski, Danilo Rocha"]
[Result "1-0"]
[WhiteElo "1834"]
[BlackElo "1651"]
[PlyCount "40"]
[EventDate "2022.12.07"]

1. e4 e5 2. Nf3 Nc6 3. Nc3 Nf6 4. d4 Bb4 5. Nxe5 Nxe5 6. dxe5 Nxe4 7. Qg4 Nxc3
8. Qxb4 Nd5 9. Qg4 g6 10. Qd4 c6 11. c4 Qa5+ 12. Bd2 Qb6 13. c5 Qd8 14. Bc4 O-O
15. Bxd5 cxd5 16. O-O Qe7 17. Qxd5 Qe6 18. Qe4 Re8 19. Bc3 Qc6 20. Qd4 f6 1-0

[Event "IV Festival Internacional DUCHAMP in RI"]
[Site "Hotel South American, Copacab"]
[Date "2022.12.12"]
[Round "7.43"]
[White "Zhong, Lanxin"]
[Black "Brito, Vicente De Paulo Al"]
[Result "0-1"]
[WhiteElo "1333"]
[BlackElo "1794"]
[PlyCount "74"]
[EventDate "2022.12.07"]

1. e4 e6 2. d4 d5 3. Nc3 Bb4 4. e5 b6 5. a3 Bf8 6. Be3 Ne7 7. Bd3 Ba6 8. Nge2
Bxd3 9. Qxd3 Nf5 10. Bg5 Qxg5 11. f4 Qh4+ 12. g3 Qd8 13. O-O-O c5 14. g4 Nxd4
15. Nxd4 cxd4 16. Qxd4 Bc5 17. Qd3 Nc6 18. b4 Be7 19. f5 Nxe5 20. Qe2 Bf6 21.
Ne4 O-O 22. h4 Nc4 23. g5 Bb2+ 24. Kb1 Qc7 25. Nd2 Nxd2+ 26. Rxd2 Bc3 27. Rd3
exf5 28. Rxd5 Rfe8 29. Qd3 Rad8 30. Qxf5 Rxd5 31. Qxd5 Qe5 32. Qf3 Qe4 33. Qxe4
Rxe4 34. Rd1 Re1 35. Rxe1 Bxe1 36. c4 Bxh4 37. Kc2 Kf8 0-1

[Event "IV Festival Internacional DUCHAMP in RI"]
[Site "Hotel South American, Copacab"]
[Date "2022.12.12"]
[Round "7.44"]
[White "Da Silva, Joao Carlos Orguim"]
[Black "Campagnolo, Bruna"]
[Result "1/2-1/2"]
[WhiteElo "1693"]
[BlackElo "1535"]
[PlyCount "63"]
[EventDate "2022.12.07"]

1. f4 d5 2. Nf3 c5 3. e3 e6 4. b3 Nf6 5. Bb2 Nc6 6. Be2 Bd6 7. Ne5 O-O 8. O-O
Nd7 9. Nxd7 Qxd7 10. d3 b6 11. Nd2 Bb7 12. Nf3 f5 13. d4 Qc7 14. c3 Rac8 15.
Rc1 Qe7 16. Qd2 Nb8 17. Ne5 Nd7 18. Nxd7 Qxd7 19. Rf3 Qe7 20. Rg3 cxd4 21. exd4
Ba3 22. Bxa3 Qxa3 23. Re1 Qd6 24. Bh5 Bc6 25. Re5 Rf6 26. Rge3 Bd7 27. Be2 Qc6
28. c4 Qd6 29. cxd5 exd5 30. Bf3 Be6 31. g3 g6 32. Kg2 1/2-1/2

[Event "IV Festival Internacional DUCHAMP in RI"]
[Site "Hotel South American, Copacab"]
[Date "2022.12.12"]
[Round "7.46"]
[White "Reichert, Thiago Da Cruz"]
[Black "De Oliveira, Joao Eudes"]
[Result "1/2-1/2"]
[WhiteElo "1968"]
[BlackElo "1613"]
[PlyCount "42"]
[EventDate "2022.12.07"]

1. d4 Nf6 2. c4 e6 3. Nf3 d5 4. e3 Be7 5. Nc3 O-O 6. Bd3 c6 7. O-O Nbd7 8. Qe2
dxc4 9. Bxc4 b5 10. Bd3 Bb7 11. b3 a6 12. Bb2 c5 13. Rfd1 cxd4 14. Nxd4 Rc8 15.
Rac1 Bc5 16. Bb1 Qe7 17. e4 Rfd8 18. Kh1 Nf8 19. Nf3 Ng6 20. h3 Rxd1+ 21. Rxd1
Nf8 1/2-1/2

[Event "IV Festival Internacional DUCHAMP in RI"]
[Site "Hotel South American, Copacab"]
[Date "2022.12.12"]
[Round "7.47"]
[White "Richards, Jaleel"]
[Black "Cincinato, Thalita Ariane C."]
[Result "0-1"]
[WhiteElo "1392"]
[BlackElo "1845"]
[PlyCount "39"]
[EventDate "2022.12.07"]

1. d4 e6 2. c4 d5 3. Nc3 c6 4. e3 f5 5. g4 fxg4 6. Qxg4 Nf6 7. Qg2 Qc7 8. Nf3
b6 9. Bd2 Bb7 10. Ng5 Qe7 11. Rg1 c5 12. Qh3 Bc8 13. cxd5 cxd4 14. Bb5+ Kd8 15.
exd4 exd5+ 16. Qe3 Qb7 17. O-O-O a6 18. Ba4 b5 19. Bb3 b4 20. Nce4 0-1

[Event "IV Festival Internacional DUCHAMP in RI"]
[Site "Hotel South American, Copacab"]
[Date "2022.12.12"]
[Round "7.48"]
[White "Jenidarchiche, Douglas Rodrigo"]
[Black "Gomes, Carlos"]
[Result "1-0"]
[WhiteElo "1837"]
[BlackElo "1566"]
[PlyCount "68"]
[EventDate "2022.12.07"]

1. e4 e5 2. Bc4 Bc5 3. Nf3 d6 4. c3 Nf6 5. O-O O-O 6. d4 exd4 7. cxd4 Bb6 8.
Bg5 h6 9. Bh4 g5 10. e5 dxe5 11. Qc2 e4 12. Bg3 Nc6 13. d5 Na5 14. Nfd2 Nxc4
15. Nxc4 Qxd5 16. Nxb6 cxb6 17. Nc3 Qc6 18. Be5 Bf5 19. Rad1 Rad8 20. Qc1 Rfe8
21. Bd4 Nd5 22. a3 Bg6 23. h4 Nf4 24. hxg5 hxg5 25. Qe3 f5 26. Qg3 Qxc3 27.
Qxg5 Ne2+ 28. Kh2 Qc6 29. Bf6 Rd7 30. Qxg6+ Kf8 31. Rxd7 Qxd7 32. Qh6+ Kf7 33.
Bc3 Nd4 34. Rd1 Qc6 1-0

[Event "IV Festival Internacional DUCHAMP in RI"]
[Site "Hotel South American, Copacab"]
[Date "2022.12.12"]
[Round "7.49"]
[White "Carneiro, Luis Guilherme Rosa"]
[Black "Da Costa, Carlos Henrique Luz"]
[Result "1-0"]
[WhiteElo "1815"]
[BlackElo "1565"]
[PlyCount "79"]
[EventDate "2022.12.07"]

1. e4 e6 2. d4 d5 3. Nc3 Nf6 4. e5 Nfd7 5. a3 c5 6. Be3 Nc6 7. Nf3 cxd4 8. Bxd4
Nxd4 9. Qxd4 Bc5 10. Qg4 O-O 11. Bd3 h6 12. O-O a6 13. Rae1 b5 14. Ne2 Qe7 15.
Ned4 Bxd4 16. Nxd4 Nb6 17. Nb3 Nc4 18. Bxc4 dxc4 19. Nd4 Bb7 20. Rd1 Rfd8 21.
c3 Rd7 22. Rd2 Rad8 23. Rfd1 Rd5 24. f4 R5d7 25. Re2 Qc5 26. Kh1 Qb6 27. Rde1
Bd5 28. Re3 Kh7 29. Rg3 g6 30. Qh4 Qc5 31. Rh3 h5 32. Kg1 Qe7 33. Qf2 Kg7 34.
Ree3 Bb7 35. Reg3 Kh7 36. Qe2 Qf8 37. Rg5 Kg7 38. Qxh5 Qh8 39. Qg4 Qf8 40.
Nxe6+ 1-0

[Event "IV Festival Internacional DUCHAMP in RI"]
[Site "Hotel South American, Copacab"]
[Date "2022.12.12"]
[Round "7.51"]
[White "Machado, Wallace Fernandes"]
[Black "Balcon, Alexis"]
[Result "1-0"]
[WhiteElo "1669"]
[BlackElo "1023"]
[PlyCount "85"]
[EventDate "2022.12.07"]

1. c4 e5 2. Nc3 Nf6 3. d4 exd4 4. Qxd4 Nc6 5. Qd1 Bc5 6. e3 O-O 7. a3 Ne7 8.
Nf3 d5 9. b4 Bd6 10. c5 Bxc5 11. bxc5 Qd7 12. Be2 Qc6 13. O-O Qxc5 14. Bd2 Qd6
15. Nb5 Qd7 16. Bc3 Ne4 17. Bb2 c5 18. Nc3 Nf6 19. Qd2 b6 20. Rfd1 Bb7 21. Qc2
a6 22. Na2 Ne8 23. Qb3 Qc6 24. Bf1 Nc7 25. Rac1 Bc8 26. h3 Be6 27. Qc3 f6 28.
Qd2 Rfd8 29. Nd4 Qd6 30. Nxe6 Qxe6 31. Be2 Qf7 32. a4 Ra7 33. Bf1 Rd6 34. Nc3
Nf5 35. g4 Nh4 36. Be2 b5 37. Ne4 Rd8 38. Nxc5 bxa4 39. Nxa4 Nb5 40. Nc3 Qb7
41. f3 d4 42. e4 dxc3 43. Bc4+ 1-0

[Event "IV Festival Internacional DUCHAMP in RI"]
[Site "Hotel South American, Copacab"]
[Date "2022.12.12"]
[Round "7.54"]
[White "Borensztajn, David"]
[Black "Gomes, Marco Tulio Caldeir"]
[Result "1/2-1/2"]
[WhiteElo "1555"]
[BlackElo "1646"]
[PlyCount "46"]
[EventDate "2022.12.07"]

1. d4 Nf6 2. Bf4 e6 3. e3 Be7 4. Bd3 d5 5. Nd2 c5 6. c3 Nc6 7. Ngf3 a6 8. h3 b5
9. O-O O-O 10. Qe2 Bb7 11. Rad1 Qb6 12. g4 Rfd8 13. g5 Nh5 14. Bh2 g6 15. Ne5
Bxg5 16. f4 Bf6 17. f5 Rf8 18. fxg6 fxg6 19. Qg4 Bc8 20. Rf2 cxd4 21. exd4 Ra7
22. Rdf1 Qd8 23. Nb3 Bd7 1/2-1/2

[Event "IV Festival Internacional DUCHAMP in RI"]
[Site "Hotel South American, Copacab"]
[Date "2022.12.12"]
[Round "7.56"]
[White "Farias, Sergio Luiz Cardoso"]
[Black "Rodolpho Filho, Joao"]
[Result "0-1"]
[WhiteElo "1461"]
[BlackElo "1301"]
[PlyCount "106"]
[EventDate "2022.12.07"]

1. d4 Nf6 2. Nc3 d5 3. Bf4 e6 4. Nb5 Na6 5. e3 c6 6. Nc3 Bd6 7. Bg5 b5 8. a3
O-O 9. Bd3 Nc7 10. Nf3 a5 11. e4 Be7 12. Ne5 Bb7 13. O-O dxe4 14. Nxe4 Ncd5 15.
c3 Nxe4 16. Bxe7 Qxe7 17. Bxe4 Rab8 18. Bc2 Nf6 19. Qd3 g6 20. Rae1 Rfd8 21. f3
Nd7 22. Ng4 f5 23. Nf2 a4 24. c4 bxc4 25. Qxc4 Ba6 26. Qxe6+ Qxe6 27. Rxe6 Bxf1
28. Kxf1 c5 29. d5 c4 30. Rc6 Rdc8 31. Nd1 Rxc6 32. dxc6 Nb6 33. Nc3 Kf7 34.
Nb5 Ke7 35. g4 fxg4 36. fxg4 Nd5 37. Be4 Ne3+ 38. Ke2 Nxg4 39. c7 Rf8 40. Bb7
Kd7 41. c8=Q+ Rxc8 42. Bxc8+ Kxc8 43. Nd6+ Kc7 44. Nxc4 Kc6 45. h3 Nf6 46. Kd3
h6 47. Ne5+ Kc5 48. Kc3 Nd5+ 49. Kd2 g5 50. Nf7 Kc4 51. Nxh6 Nf4 52. Ng4 Kb3
53. Kc1 Nxh3 0-1

[Event "IV Festival Internacional DUCHAMP in RI"]
[Site "Hotel South American, Copacab"]
[Date "2022.12.12"]
[Round "7.57"]
[White "De Souza, Roberto Fabelino"]
[Black "Romais, Rodrigo"]
[Result "1/2-1/2"]
[WhiteElo "1760"]
[BlackElo "1523"]
[PlyCount "64"]
[EventDate "2022.12.07"]

1. c4 e6 2. g3 Nf6 3. Bg2 d5 4. Nf3 c5 5. O-O Be7 6. e3 O-O 7. cxd5 exd5 8. d4
Nc6 9. Nc3 Be6 10. a3 Qd7 11. dxc5 Bxc5 12. b4 Bb6 13. Ne2 Bh3 14. Bb2 Bxg2 15.
Kxg2 Ng4 16. Qd2 f6 17. Nf4 Rad8 18. Rfd1 Qf5 19. Qd3 Qc8 20. Rac1 Qb8 21. Ne6
Nce5 22. Nxe5 fxe5 23. Nxf8 Rxf8 24. Qxd5+ Kh8 25. Rc2 Rxf2+ 26. Rxf2 Nxe3+ 27.
Kg1 Nxd5 28. Rxd5 Bxf2+ 29. Kxf2 Qc7 30. Rxe5 Qc2+ 31. Re2 Qf5+ 32. Kg2 Qd5+
1/2-1/2

[Event "IV Festival Internacional DUCHAMP in RI"]
[Site "Hotel South American, Copacab"]
[Date "2022.12.12"]
[Round "7.58"]
[White "Leite, Gina Dourado Rocha"]
[Black "Mesquita, Victor Noronha"]
[Result "0-1"]
[WhiteElo "1568"]
[BlackElo "1172"]
[PlyCount "35"]
[EventDate "2022.12.07"]

1. e4 d5 2. exd5 Qxd5 3. Nc3 Qa5 4. Nf3 Nf6 5. b3 Bf5 6. Be2 c6 7. O-O Nbd7 8.
a4 e6 9. Rb1 Be7 10. b4 Bxb4 11. Bb2 Bd6 12. Nd4 Bg6 13. Re1 O-O 14. Bc4 Qh5
15. Nf3 Qc5 16. d3 Bh5 17. Ne4 Nxe4 18. Rxe4 0-1